000 00697nam a2200253Ia 4500
003 OSt
005 20221007125012.0
006 a|||||r|||| 00| 0
007 ta
008 221006b |||||||| |||| 00| 0 eng d
020 _a 0387558748 (Berlin)
020 _a3-540-55874-8 (New York)
024 _a2338
037 _cTextual
040 _aCDL
_cCDL
_beng
041 _2eng
_aeng
082 _aC4:7, N3
100 _aJou D^dand others
_9721302
245 0 _aExtended irreversible thermodynamics D Jou and others
260 _aBerlin
_bSpringer-Verlag
_c1993
300 _a319p
_ccm.
942 _hC4:7, N3
_cTEXL
_2CC
999 _c1214495
_d1214495